000 00437nam a2200169Ia 4500
008 241115s9999 xx 000 0 und d
020 _a8177589415
082 _a658.4038 LAU
100 _aLaudon, Kenneth C.
245 0 _aManagement Information Systems : managing the digital firm
250 _a9th ed.
260 _aNew Dehli:
_bPearson
_c2002.
300 _a613p.
600 _aManagement
650 _aManagement
942 _cBBD
999 _c26072
_d26072